[Event "DVM U12 2012"]
[Site "Verden/Aller GER"]
[Date "2012.12.29"]
[Round "6"]
[White "Zetto, Lukas"]
[Black "Browning, Alex"]
[Result "1-0"]
[Termination "normal"]
[Board "7.3"]
[WhiteElo "1204"]
[BlackElo "1054"]
[WhiteTeam "SR Spaichingen"]
[BlackTeam "Märkischer Springer Halver-Schalksmühle"]
[WhiteFideId "16261747"]
[BlackFideId "12984019"]
[EventCountry "GER"]
[EventRounds "7"]
[EventType "team-swiss"]
[EventDate "2012.12.26"]

1. e4 d5 2. exd5 Qxd5 3. Nc3 Qd6 4. Nf3 Nf6 5. Be2 e6 6. d4 a6 7. a4 Be7 8. Be3
O-O 9. Ne5 Nbd7 10. Bf4 Nh5 11. Bxh5 Qb6 12. Rb1 Nxe5 13. Bxe5 f6 14. Bf4 e5
15. dxe5 fxe5 16. Be3 Qf6 17. Nd5 Qe6 18. Nxc7 Qc6 19. Nxa8 Bd8 20. Bf3 Qxa4
21. c3 Qb5 22. Qd5+ Qxd5 23. Bxd5+ Kh8 24. Nb6 Bf5 25. Rd1 Bc7 26. Nc4 Rb8 27.
Bb6 Bxb6 28. Nxb6 h6 29. f3 g6 30. Be4 Bxe4 31. fxe4 Kg7 32. O-O h5 33. Rd7+
Kh6 34. Rf2 Rh8 35. Rf6 Kg5 36. Rdd6 Rg8 37. Nc4 Kh6 38. Nxe5 Kh7 39. Rxg6 Rxg6
40. Rxg6 Kh8 41. Kf2 1-0

[Event "DVM U12 2012"]
[Site "Verden/Aller GER"]
[Date "2012.12.29"]
[Round "6"]
[White "Hardt, Silas"]
[Black "Klein, Sebastian"]
[Result "0-1"]
[Termination "normal"]
[Board "7.4"]
[WhiteElo "1087"]
[BlackElo "941"]
[WhiteTeam "Märkischer Springer Halver-Schalksmühle"]
[BlackTeam "SR Spaichingen"]
[WhiteFideId "16200667"]
[BlackFideId "16200845"]
[EventCountry "GER"]
[EventRounds "7"]
[EventType "team-swiss"]
[EventDate "2012.12.26"]

1. e4 e5 2. Nf3 Nc6 3. Bc4 Bc5 4. O-O d6 5. h3 Be6 6. Bb3 Qd7 7. Ng5 h6 8. Nxe6
fxe6 9. Qh5+ Qf7 10. Qxf7+ Kxf7 11. Nc3 a6 12. d3 Ke7 13. Na4 b6 14. Nxc5 bxc5
15. f4 a5 16. f5 exf5 17. Rxf5 Rf8 18. Rxf8 Kxf8 19. Bd2 Ke7 20. Rf1 Nf6 21.
Ba4 Nd4 22. c3 Ne6 23. Bb3 Rf8 24. g4 Nd7 25. Re1 g5 26. d4 c6 27. dxe5 Nxe5
28. c4 Nf3+ 29. Kf2 Nxd2+ 30. Ke3 Nxb3 31. axb3 Nd4 32. Ra1 Nc2+ 33. Kd2 Nxa1
34. Kc3 Rf3+ 35. Kd2 Nxb3+ 36. Kc2 Rxh3 37. Kb1 h5 38. gxh5 Rxh5 39. Ka2 g4 40.
Kxb3 g3 41. Ka4 g2 42. Kxa5 g1=Q 43. Kb6 Kf7 44. Kxc6 Kg8 45. b3 Qa1 46. Kb5
Qa3 47. e5 Qb4+ 48. Kc6 Rxe5 0-1

[Event "DVM U12 2012"]
[Site "Verden/Aller GER"]
[Date "2012.12.29"]
[Round "6"]
[White "Poetsch, Leonore"]
[Black "Roos, Jonas"]
[Result "0-1"]
[Termination "normal"]
[Board "8.1"]
[WhiteElo "1385"]
[BlackElo "1510"]
[WhiteTeam "Sfr. Schöneck"]
[BlackTeam "SC Porta Westfalica Holtrup 1950"]
[WhiteFideId "12940372"]
[BlackFideId "16200721"]
[EventCountry "GER"]
[EventRounds "7"]
[EventType "team-swiss"]
[EventDate "2012.12.26"]

1. e4 c5 2. Nf3 Nc6 3. c3 d5 4. e5 Bg4 5. d4 cxd4 6. cxd4 Bxf3 7. Qxf3 Nxd4 8.
Qd1 Nc6 9. Bb5 e6 10. Be3 Bb4+ 11. Bd2 Bxd2+ 12. Nxd2 Nge7 13. Nf3 O-O 14. O-O
Ng6 15. Qe2 a6 16. Bxc6 bxc6 17. Rac1 Qc7 18. Rc5 Qb6 19. Rfc1 Rfc8 20. Nd4 Ne7
21. Qc2 h6 22. Nxc6 Nxc6 23. Rxc6 Rxc6 24. Qxc6 Rb8 25. Qxb6 Rxb6 26. b3 Kh7
27. Rc3 a5 28. a3 d4 29. Rd3 Rb5 30. f4 Rd5 31. Kf2 f6 32. exf6 gxf6 33. Kf3 e5
34. Ke4 Rb5 35. g3 Kg6 36. Kf3 Kf5 37. g4+ Ke6 38. Ke4 Rb8 39. h3 Rh8 40. Rg3
Rh7 41. Rd3 h5 42. Rf3 Rh8 43. fxe5 fxe5 44. Rf5 hxg4 45. Rxe5+ Kf6 46. hxg4
Rd8 47. Rd5 Rxd5 0-1

[Event "DVM U12 2012"]
[Site "Verden/Aller GER"]
[Date "2012.12.29"]
[Round "6"]
[White "Gomolinsky, Phil"]
[Black "Herbert, Fabian"]
[Result "1-0"]
[Termination "normal"]
[Board "8.2"]
[WhiteElo "1328"]
[BlackElo "1092"]
[WhiteTeam "SC Porta Westfalica Holtrup 1950"]
[BlackTeam "Sfr. Schöneck"]
[WhiteFideId "16200730"]
[BlackFideId "12940402"]
[EventCountry "GER"]
[EventRounds "7"]
[EventType "team-swiss"]
[EventDate "2012.12.26"]

1. e4 e5 2. Nf3 Nc6 3. Bc4 Nf6 4. Ng5 d5 5. exd5 Nxd5 6. d4 Be6 7. O-O Be7 8.
Nxe6 fxe6 9. Qh5+ g6 10. Qh3 Qd7 11. Re1 Bf6 12. dxe5 Nxe5 13. Bb3 O-O-O 14.
Nc3 Kb8 15. f4 Nc6 16. Bd2 Nd4 17. Rad1 Qc6 18. Nxd5 exd5 19. Bc3 Qb6 20. Kh1
Nxb3 21. Bxf6 Qxf6 22. Qxb3 Qxf4 23. Rxd5 Rxd5 24. Qxd5 Qb4 25. Qe5 a6 26.
Qxh8+ Ka7 27. Qc3 Qh4 28. Qc5+ b6 29. Qxc7+ Ka8 30. Re8+ Qd8 31. Rxd8# 1-0

[Event "DVM U12 2012"]
[Site "Verden/Aller GER"]
[Date "2012.12.29"]
[Round "6"]
[White "Timpel, Kaan"]
[Black "Götz, Michael"]
[Result "0-1"]
[Termination "normal"]
[Board "8.3"]
[WhiteElo "939"]
[BlackElo "1353"]
[WhiteTeam "Sfr. Schöneck"]
[BlackTeam "SC Porta Westfalica Holtrup 1950"]
[WhiteFideId "12983683"]
[BlackFideId "16200756"]
[EventCountry "GER"]
[EventRounds "7"]
[EventType "team-swiss"]
[EventDate "2012.12.26"]

1. e4 c5 2. Bc4 Nc6 3. Nf3 g6 4. Nc3 Bg7 5. d3 d6 6. Ng5 e6 7. Qf3 Qf6 8. O-O
Nd4 9. Qxf6 Bxf6 10. Rb1 Nxc2 11. Bb5+ Kf8 12. Nf3 Nd4 13. Be3 Nxf3+ 14. gxf3
Kg7 15. Kh1 Ne7 16. Rg1 b6 17. Bg5 Bb7 18. h4 h5 19. Bxf6+ Kxf6 20. Rbd1 a6 21.
Ba4 b5 22. Bc2 Rac8 23. Bb3 Rhd8 24. Rd2 d5 25. exd5 exd5 26. Re1 Re8 27. Kg2
Nf5 28. Rxe8 Rxe8 29. Re2 Rxe2 30. Nxe2 Nxh4+ 31. Kg3 Nf5+ 32. Kh2 d4 33. f4 {
Ke6?} 0-1

[Event "DVM U12 2012"]
[Site "Verden/Aller GER"]
[Date "2012.12.29"]
[Round "6"]
[White "Zimmer, Luca"]
[Black "Rätzke von Stoyentin, Steffen"]
[Result "1/2-1/2"]
[Termination "normal"]
[Board "9.1"]
[WhiteElo "1124"]
[BlackElo "1754"]
[WhiteTeam "Turm Wadern"]
[BlackTeam "SC Aurich"]
[WhiteFideId "12921424"]
[BlackFideId "12907502"]
[EventCountry "GER"]
[EventRounds "7"]
[EventType "team-swiss"]
[EventDate "2012.12.26"]

1. e4 e5 2. Nf3 Nc6 3. Bc4 Bc5 4. c3 Nf6 5. d4 exd4 6. cxd4 Bb4+ 7. Bd2 Nxe4 8.
Bxb4 Nxb4 9. Bxf7+ Kxf7 10. Qb3+ d5 11. Ne5+ Kg8 12. Qxb4 Qd6 13. Qxd6 cxd6 14.
Nd3 Be6 15. O-O Rc8 16. Re1 Kf7 17. f3 Nf6 18. Nf4 Rhe8 19. Nc3 g5 20. Nd3 Bd7
21. Nb4 Bc6 22. Rac1 Rxe1+ 23. Rxe1 Re8 24. Rxe8 Kxe8 25. a4 a5 26. Nd3 Ke7 27.
b4 b6 28. b5 Bd7 29. f4 g4 30. g3 Bf5 31. Nf2 Ke6 32. Kf1 h5 33. Ke2 Bg6 34.
Ke3 Ng8 35. Nfd1 Ne7 36. Kf2 Bc2 37. Ne3 Bb3 38. Ke2 Kf6 1/2-1/2

[Event "DVM U12 2012"]
[Site "Verden/Aller GER"]
[Date "2012.12.29"]
[Round "6"]
[White "Neumann, Tiemon"]
[Black "Schumacher, Aaron"]
[Result "1-0"]
[Termination "normal"]
[Board "9.2"]
[WhiteElo "1729"]
[BlackElo "1123"]
[WhiteTeam "SC Aurich"]
[BlackTeam "Turm Wadern"]
[WhiteFideId "12925462"]
[BlackFideId "12952184"]
[EventCountry "GER"]
[EventRounds "7"]
[EventType "team-swiss"]
[EventDate "2012.12.26"]

1. e4 e6 2. d4 d5 3. exd5 exd5 4. c4 c5 5. dxc5 Nf6 6. Bg5 d4 7. Nf3 Bxc5 8.
Bd3 Nc6 9. O-O O-O 10. Nbd2 Bg4 11. Ne4 Be7 12. Ned2 Ne5 13. Qe2 Nxf3+ 14. Nxf3
Re8 15. Qd1 Ne4 16. Bxe7 Rxe7 17. Be2 Rd7 18. Ne5 Bxe2 19. Qxe2 Re7 20. Qxe4 f6
21. f4 fxe5 22. fxe5 Qd6 23. Qxh7+ Kxh7 24. exd6 Rd7 25. c5 b6 26. b4 bxc5 27.
bxc5 Rc8 28. Rac1 Re8 29. Rfd1 Re4 30. Rc4 Re2 31. a4 Rf7 32. h3 Rd7 33. Rdxd4
Re8 34. c6 Rdd8 35. c7 Ra8 36. d7 1-0

[Event "DVM U12 2012"]
[Site "Verden/Aller GER"]
[Date "2012.12.29"]
[Round "6"]
[White "Schumacher, Simon"]
[Black "Wessels, Julian"]
[Result "1/2-1/2"]
[Termination "normal"]
[Board "9.3"]
[WhiteElo "1142"]
[BlackElo "1299"]
[WhiteTeam "Turm Wadern"]
[BlackTeam "SC Aurich"]
[WhiteFideId "12957518"]
[BlackFideId "12930520"]
[EventCountry "GER"]
[EventRounds "7"]
[EventType "team-swiss"]
[EventDate "2012.12.26"]

1. e4 e5 2. Nf3 Nf6 3. Nxe5 d6 4. Nf3 Nxe4 5. d4 d5 6. Bf4 Nc6 7. Bd3 Nf6 8.
O-O Be7 9. Re1 O-O 10. c3 Bg4 11. Nbd2 Re8 12. h3 Bh5 13. Qc2 Bd6 14. Bg5 Bg6
15. Rxe8+ Qxe8 16. Bxf6 gxf6 17. Re1 Qd7 18. Bxg6 fxg6 19. b3 b5 20. c4 Nb4 21.
Qb1 Bf4 22. Rd1 Na6 23. a3 1/2-1/2

[Event "DVM U12 2012"]
[Site "Verden/Aller GER"]
[Date "2012.12.29"]
[Round "6"]
[White "Ufkes, Thilo"]
[Black "Kurz, Annika"]
[Result "0-1"]
[Termination "normal"]
[Board "9.4"]
[WhiteElo "895"]
[BlackElo "963"]
[WhiteTeam "SC Aurich"]
[BlackTeam "Turm Wadern"]
[WhiteFideId "12928755"]
[EventCountry "GER"]
[EventRounds "7"]
[EventType "team-swiss"]
[EventDate "2012.12.26"]

1. e4 d6 2. Nf3 Nf6 3. Nc3 g6 4. Bc4 Bg7 5. d3 O-O 6. Be3 Nc6 7. O-O Bg4 8. Qd2
Bxf3 9. gxf3 Qd7 10. Bh6 Qh3 11. Bxg7 Kxg7 12. Qe3 e5 13. Kh1 Nh5 14. Rg1 Nf4
15. Ne2 Nxe2 16. Qxe2 Nd4 17. Qd1 Nxf3 18. Rg2 Nh4 19. Rg3 Qd7 20. Qh5 Qe7 21.
Qg4 h5 22. Qe2 Qf6 23. Qxh5 Rh8 24. Qe2 g5 25. Rag1 Qh6 26. Rxg5+ Ng6 27. R1g2
Kf8 28. f3 Nf4 29. Qf2 Nxg2 30. Qxg2 f6 31. Rg8+ Ke7 32. Rg7+ Kd8 33. Rg8+ Kd7
34. Bb5+ Ke7 35. Rg7+ Kf8 36. Rg6 Qh7 37. Rxf6+ Ke7 38. Rg6 Rag8 39. Qg5+ Kf8
40. Rf6+ Ke7 41. Re6+ Kxe6 42. Bc4+ Kd7 43. Bb5+ c6 44. Qf5+ { Notation
unvollständig und fehlerhaft} 0-1

[Event "DVM U12 2012"]
[Site "Verden/Aller GER"]
[Date "2012.12.29"]
[Round "6"]
[White "Bergauz, Noam"]
[Black "Joeres, Stefan"]
[Result "1/2-1/2"]
[Termination "normal"]
[Board "10.1"]
[WhiteElo "1888"]
[BlackElo "1321"]
[WhiteTeam "SK München Südost"]
[BlackTeam "Karlsruher SF 1853"]
[WhiteFideId "12938033"]
[BlackFideId "12983160"]
[EventCountry "GER"]
[EventRounds "7"]
[EventType "team-swiss"]
[EventDate "2012.12.26"]

1. e4 e5 2. Nf3 Nc6 3. d4 exd4 4. Bc4 Bc5 5. c3 d3 6. Qxd3 d6 7. O-O Bg4 8. Bg5
Nf6 9. Nbd2 O-O 10. b4 Bxf3 11. Nxf3 Bb6 12. a4 a5 13. b5 Ne5 14. Nxe5 dxe5 15.
Qg3 Nxe4 16. Bxd8 Nxg3 17. hxg3 Raxd8 18. Rad1 Rd6 19. Rde1 Re8 20. Re2 Kf8 21.
Rfe1 f6 22. Bb3 Rd3 23. Rc2 Red8 24. g4 Rd2 25. Re2 Rxe2 26. Rxe2 Rd3 27. Rc2
Ke7 28. Kf1 h6 29. Ke2 Rd6 30. f3 Bc5 31. Rd2 Rxd2+ 32. Kxd2 b6 33. Kd3 Ba3 34.
Ke4 Bb2 35. Kd3 Kd6 36. Kc4 Ba1 37. Bc2 Bb2 38. Be4 Ba3 39. Kb3 Bc5 40. Bc6 Bf2
41. Kc4 Bc5 42. Be4 Bf2 43. Bf5 Bc5 44. Bg6 Bf2 45. Bf5 Bg3 46. Bc2 Bf2 47. Bb1
Bc5 48. Bd3 Bf2 49. Bc2 Bc5 50. Bd1 Bf2 51. Bb3 Bc5 52. Kd3 Bf2 53. Ke4 Bc5 54.
Kf5 Ke7 55. Kg6 Kf8 56. Kf5 Ke7 57. Kg6 Kf8 58. Ba2 Bf2 59. Kf5 Ke7 60. Ke4 Kd6
61. Kd3 Bc5 62. Ke4 Bf2 63. Bb3 Bc5 64. Kf5 Ke7 65. Ke4 Kf8 66. Kf5 Ke7 67. Ke4
Kd6 68. Kd3 Bf2 69. Ke2 Bc5 70. Kf1 Be3 71. Ke2 Bc5 1/2-1/2

[Event "DVM U12 2012"]
[Site "Verden/Aller GER"]
[Date "2012.12.29"]
[Round "6"]
[White "Bergauz, Igal"]
[Black "Chernykh, Arkady"]
[Result "1/2-1/2"]
[Termination "normal"]
[Board "10.3"]
[WhiteElo "1311"]
[BlackElo "1192"]
[WhiteTeam "SK München Südost"]
[BlackTeam "Karlsruher SF 1853"]
[WhiteFideId "12977284"]
[BlackFideId "12989436"]
[EventCountry "GER"]
[EventRounds "7"]
[EventType "team-swiss"]
[EventDate "2012.12.26"]

1. e4 e5 2. Nf3 Nc6 3. d4 exd4 4. Nxd4 Bc5 5. Be3 Bxd4 6. Bxd4 Nf6 7. Nc3 O-O
8. Bc4 Nxe4 9. O-O Nxc3 10. Bxc3 d6 11. Re1 Bf5 12. Rc1 Re8 13. Qh5 Rxe1+ 14.
Rxe1 Bg6 15. Qg4 a6 16. a3 Ne5 17. Qe2 Nxc4 18. Qxc4 Qd7 19. Qd4 f6 20. Qd5+
Bf7 21. Qxb7 Qc8 22. Qxc8+ Rxc8 23. Ba5 Bg6 24. c3 c6 25. Re6 Re8 26. Rxe8+
Bxe8 27. f4 Kf7 28. Kf2 Ke6 29. Ke3 Kf5 30. h3 d5 31. g4+ Ke6 32. b4 f5 33. g5
Bh5 34. Bc7 g6 35. Kd4 Kd7 36. Be5 1/2-1/2

[Event "DVM U12 2012"]
[Site "Verden/Aller GER"]
[Date "2012.12.29"]
[Round "6"]
[White "Koll, Linus"]
[Black "Voigt, Tobias"]
[Result "0-1"]
[Termination "normal"]
[Board "10.4"]
[WhiteElo "1197"]
[BlackElo "963"]
[WhiteTeam "Karlsruher SF 1853"]
[BlackTeam "SK München Südost"]
[WhiteFideId "12990299"]
[BlackFideId "12977314"]
[EventCountry "GER"]
[EventRounds "7"]
[EventType "team-swiss"]
[EventDate "2012.12.26"]

1. e4 e5 2. Nf3 Nc6 3. Bc4 Bc5 4. Nc3 d6 5. h3 Nf6 6. d3 O-O 7. Bg5 h6 8. Bh4
g5 9. Bg3 Kg7 10. O-O a6 11. Nd5 Nxd5 12. Bxd5 Ne7 13. Bb3 f5 14. exf5 Nxf5 15.
Bh2 Ne7 16. Qd2 g4 17. hxg4 Bxg4 18. Rae1 Ng6 19. Bd5 Bxf3 20. Bxf3 Nh4 21.
Bxb7 Ra7 22. Bd5 Kg6 23. Qe2 Qg5 24. Bg3 Nf5 25. Be4 Kg7 26. Bxf5 Rxf5 27. c3
c6 28. Kh1 Raf7 29. a3 h5 30. Bh2 Bxf2 31. Rd1 Kh6 32. Qd2 Be3 33. Rxf5 Rxf5
34. Qe2 Rf2 35. Qxe3 Qxe3 36. Bg1 Qg3 37. Bxf2 Qxf2 38. b3 Qc2 39. Rf1 Qxd3 40.
Rf3 Qd1+ 41. Kh2 Qxb3 42. Rh3 Kg5 43. Rd3 Kf6 44. Rxd6+ 0-1